000 00343 a2200109 4500
001 ART_46965
005 20260410162032.0
008 260409a
245 1 0 _aCABA. Rúbrica de documentación laboral en formato digital
100 1 _aDe Luca, Lorena F.
773 0 _tLiquidación de sueldos
_g- Nº 141 (feb. 2018)
_wREV44399
999 _c34077
_d34077